000 00412nam a22001577a 4500
999 _c22602
_d22602
003 BDDh-ASL
005 20231015030139.0
008 210301s1997 pk ||||| |||| 00| 0 eng d
040 _cBDDh-ASL
082 _a363.8
_bNOR
245 1 0 _aNOrman Borlaug on World Hunger /
260 _aLahore:
_bBookservice International,
_c1997.
300 _a499 p.:
_c26 cm.
700 1 _92941
_aDil, Anwar
942 _2ddc
_cBK